| 000 | 01323cam a22003131 4500 | ||
|---|---|---|---|
| 001 | 5928736 | ||
| 003 | ARRUPE | ||
| 005 | 20131216133453.0 | ||
| 006 | m | d | | ||
| 007 | cr||n||||||||n | ||
| 008 | 930414s1718 enk s || | eng u | ||
| 010 | _a 11009012 | ||
| 035 | _a(CStRLIN)CTRG10085976-B | ||
| 035 | _a(NNC)5928736 | ||
| 040 |
_dThomson Gale _cDLC |
||
| 050 | 0 |
_aBF1565 _b.H87 |
|
| 100 | 1 |
_aHutchinson, Francis, _d1661-1739. _95768 |
|
| 245 | 1 | 3 |
_aAn historical essay concerning witchcraft _bwith observations upon matters of fact : tending to clear the texts of the sacred Scriptures, and confute the vulgar errors about that point : and also two sermons : one in proof of the Christian religion : the other concerning the good and evil angels / _cby Francis Hutchinson ... |
| 260 |
_aLondon : _bPrinted for R. Knaplock [etc.], _c1718. |
||
| 300 |
_axv, [4], 270 p. ; _c20 cm. |
||
| 500 | _aComputer copy | ||
| 510 | 4 |
_aSabin _cno.34063 |
|
| 533 |
_aElectronic reproduction. _bFarmington Hills, Mich. : _cThomson Gale, _d2005. _fSabin Americana, 1500-1926 _nAvailable via the World Wide Web. _nAccess limited by licensing agreements. _7s2005 miunns |
||
| 650 | 0 |
_aWitchcraft. _95769 |
|
| 650 | 0 |
_aAngels. _95770 |
|
| 650 | 0 |
_aDemonology. _95771 |
|
| 942 |
_2lcc _cMONOGRAPH |
||
| 999 |
_c119282 _d119282 |
||